000 003290000a22000970004500
773 0 _tLatin America Evangelist
100 1 _aJezequel, Roberta
245 1 0 _aWarning signs of missionary burnout : How to anticipate and aviod the dangers of burnout
300 _aVol. 76, Num. 4 (Octubre-Diciembre, 1996), Páginas 15-17
942 _cANA
999 _c55039
_d55039